000 00791nas a2200265 4500
001 BR9208817
003 BR-BrBNA
005 20231205093153.0
007 ta
008 230509b bl.|||p| |||| 00| 00por d
040 _aBR-BrBNA
_bpor
_cBiblioteca Nacional de Agricultura
041 _a(Pt)
072 _aL01; Q55
100 1 _aBerberian, A.
245 1 _aO porco: classificacao positiva de carcaca dos suinos atraves do nutriente suplemento mineral de alga LC-235
650 _aSUÍNO
650 _aCRIACAO
650 _aCARCACA
650 _aNUTRIENTE
650 _aSUPLEMENTO MINERAL
650 _aALGA
773 0 _tAlimentos e Tecnologia (Brazil)
_xISSN 0102-6682
_g(1985), v. 1(5) p. 30-32
_wBR9208817
909 _a202311
_bLúcia
_c55
_dLúcia Elande
942 _2AGRIS
_n0
_cANA
999 _c136611
_d136611